00529 2200169 4500245003700000020001800037250001100055100002100066650001700087005001900104260004200123041001400165084001100179300002300190500013700213336000900350 aMamimomacRosemary KesaulyhText a9786020387437 aCet. 3 aRosemary Kesauly aNovel Remaja a20231002102757 aJakartabGramedia Pustaka Utamac2018 aIndonesia a808.83 a240 hlm. :c20 cm. aEmpat cewek yang sama-sama sekolah di SMA Benedict I ini sekilas kelihatan bahagaia, padahal mereka masing-masing menyimpan masalah. atext